banner koha

Biologia do psilídeo-de-concha Glycaspis brimblecombei Moore (Hemiptera, Psylidae)biology em Eucalyptus spp. (Registro n. 216533)

MARC details
000 -LÍDER
campo de controle de tamanho fixo 01135nas a2200325 4500
001 - NÚMERO DE CONTROLE
campo de controle BR2011000290
003 - IDENTIFICADOR DO NÚMERO DE CONTROLE
campo de controle BR-BrBNA
005 - DATA E HORÁRIO DA ÚLTIMA TRANSAÇÃO
campo de controle 20231205115954.0
007 - CAMPO FIXO DE DESCRIÇÃO FÍSICA--INFORMAÇÃO GERAL
campo de controle de tamanho fixo ta
008 - CAMPO DE DADOS FIXOS--INFORMAÇÃO GERAL
campo de controle de tamanho fixo 230509b bl.|||p| |||| 00| 00por d
040 ## - FONTE DA CATALOGAÇÃO
Instituição da catalogação original BR-BrBNA
Idioma da catalogação por
Instituição que transcreveu o registro Biblioteca Nacional de Agricultura
041 ## - CÓDIGO DE IDIOMA
Código do idioma do texto/trilha sonora ou título diferente (Pt)
072 ## - CÓDIGO DE CATEGORIA DE ASSUNTO
Código de Categoria de Assunto H10
100 1# - ENTRADA PRINCIPAL--NOME PESSOAL
Nome pessoal Firmino-Winckler, D.C.
100 1# - ENTRADA PRINCIPAL--NOME PESSOAL
Nome pessoal Wilcken, C.F.
100 1# - ENTRADA PRINCIPAL--NOME PESSOAL
Nome pessoal Oliveira, N.C. de
100 1# - ENTRADA PRINCIPAL--NOME PESSOAL
Nome pessoal Matos, C.A.O. de
245 1# - TÍTULO
Título Biologia do psilídeo-de-concha Glycaspis brimblecombei Moore (Hemiptera, Psylidae)biology em Eucalyptus spp.
246 1# - FORMA VARIANTE DO TÍTULO
Título/título abreviado Red gum lerp psyllid Glycaspis brimblecombei Moore (Hemiptera, Psylidae)biology in Eucalyptus spp.
650 ## - ASSUNTO--TERMO TÓPICO
Cabeçalho tópico ou nome geográfico INSETO
650 ## - ASSUNTO--TERMO TÓPICO
Cabeçalho tópico ou nome geográfico HEMIPTERO
650 ## - ASSUNTO--TERMO TÓPICO
Cabeçalho tópico ou nome geográfico FLORESTA
650 ## - ASSUNTO--TERMO TÓPICO
Cabeçalho tópico ou nome geográfico EUCALYPTUS SPP
650 ## - ASSUNTO--TERMO TÓPICO
Cabeçalho tópico ou nome geográfico PRAGA DE PLANTA
650 ## - ASSUNTO--TERMO TÓPICO
Cabeçalho tópico ou nome geográfico ENTOMOLOGIA
773 0# - ENTRADA ANALÍTICA
Título Revista Brasileira de Entomologia (Brazil)
ISSN - International Standard Serial Number ISSN 0085-5626
Partes relacionadas (Jan-Mar 2009), v. 53(1) p. 144-146
Número de controle do registro BR2011000290
856 4# - LOCALIZAÇÃO ELETRÔNICA E ACESSO
Uniform Resource Identifier <a href="http://www.scielo.br/pdf/rbent/v53n1/30.pdf">http://www.scielo.br/pdf/rbent/v53n1/30.pdf</a>
Texto de ligação Recurso eletrônico (PDF)
909 ## -
-- 202311
-- Lúcia
-- 55
-- Lúcia Elande
942 ## - ELEMENTOS DE ENTRADA ADICIONADOS (KOHA)
Fonte da classificação ou esquema de arquivamento na estante Classificação AGRIS
Ocultar no OPAC Não
Tipo de material Koha Analítica
Exemplares
Situação do descarte Fonte da classificação ou esquema de arquivamento na estante Situação física Não pode ser emprestado Biblioteca de origem Biblioteca atual Localização na estante Enumeração do periódico / cronologia Total de empréstimos Data de último acesso Número do exemplar Tipo de material Koha Fonte de aquisição
  Classificação AGRIS   Consulta local Biblioteca Nacional de Agricultura - Binagri Biblioteca Nacional de Agricultura - Binagri   (Jan-Mar 2009), v. 53(1) p. 144-146   29/11/2023 01 Periódicos Portaria Interministerial nº 164/94

BINAGRI

Telefone: (61)3218-2567/2388/3357/2097 - binagri@agro.gov.br

Ministério da Agricultura e Pecuária , Esplanada dos Ministérios, Bloco D, Anexo B, Brasília/DF, CEP: 70.043-900